000 nam a22 7a 4500
999 _c8940
_d8940
008 180120b ||||| |||| 00| 0 eng d
100 _aAksakov. S
_91871
245 _aThe little scarlet flower
260 _aNew Delhi
_bMos Progress
_c1976